Luz y visión /

Gespeichert in:
Bibliographische Detailangaben
1. Verfasser: Mueller, Conrad G. (autor)
Weitere Verfasser: Rudolph, Mae (autor) (autor)
Format: Buch
Sprache:Spanisch
Veröffentlicht: México : Time-Life, 1978, c1978
Ausgabe:2a edición
Schriftenreihe:(Colección Científica de Time-Life)
Schlagworte:
Tags: Tag hinzufügen
Keine Tags, Fügen Sie das erste Tag hinzu!

MARC

LEADER 00000nam^a2200000^a^4500
001 000277054
005 20250521000000.0
009 20260310111323.018
037 |a Acervo Xavier Clavigero 
041 |a ESP 
082 |a 500.  |b TIM V. 5 
100 |a Mueller, Conrad G.  |e (autor) 
245 1 0 |a Luz y visión /  |c C.G. Mueller, M. Rudolph ; tr. por Margarita Alvarez Franco. 
250 |a 2a edición 
264 4 |a México :  |b Time-Life,  |c 1978, c1978 
300 |a 200 p. 
336 |a texto  |b txt  |2 rdacontenido 
337 |a sin mediación  |b n  |2 rdamedio 
338 |a volumen  |b nc  |2 rdasoporte 
440 1 |a (Colección Científica de Time-Life) 
500 |a Traducción de: Light and Vision 
649 |a XX 
650 |a Vista -  |x Tema Principal 
650 |a Percepción Visual -  |x Tema Principal 
650 |a Luz -  |x Tema Principal 
650 |a Optica Fisiológica 
650 |a Física 
650 |a Psicología Fisiológica 
700 |a Rudolph, Mae  |e (autor) 
910 |a Fondo General 
920 |a Impresos - Libros 
930 |a Obras de Referencia 
905 |a 102 
901 |a 021566  |b IT2  |c REF  |u 20250521 
902 |a https://opac.biblio.iteso.mx/vufind/Record/000277054